Obchod minulosť, súčasnosť, perspektívy
Salvato in:
| Autore principale: | |
|---|---|
| Natura: | Libro |
| Lingua: | slovacco |
| Pubblicazione: |
Bratislava
EPOS
2002
|
| Soggetti: | |
| Tags: |
Nessun Tag, puoi essere il primo ad aggiungerne!!
|
MARC
| LEADER | 00000nam a2200000 4500 | ||
|---|---|---|---|
| 001 | c138024 | ||
| 005 | 20221124095051.1 | ||
| 020 | |a 80-8057-470-7 | ||
| 041 | 0 | |a slo | |
| 044 | |a SK | ||
| 245 | 1 | 0 | |a Obchod |b minulosť, súčasnosť, perspektívy |c Ľudmila Chmelíková |
| 264 | 1 | |a Bratislava |b EPOS |c 2002 | |
| 300 | |a 362 s. | ||
| 610 | 2 | 0 | |a obchod |
| 610 | 2 | 0 | |a vývoj |
| 610 | 2 | 0 | |a história |
| 610 | 2 | 0 | |a vývoj spoločenský |
| 610 | 2 | 0 | |a peniaze |
| 610 | 2 | 0 | |a maloobchod |
| 610 | 2 | 0 | |a porovnanie medzinárodné |
| 610 | 2 | 0 | |a prognózy |
| 610 | 2 | 0 | |a integrácia ekonomická medzinárodná |
| 610 | 2 | 0 | |a trh finančný medzinárodný |
| 610 | 2 | 0 | |a globalizácia |
| 610 | 2 | 0 | |a politika obchodná |
| 610 | 2 | 0 | |a politika hospodárska medzinárodná |
| 610 | 2 | 0 | |a Európa |
| 100 | 1 | |a Chmelíková, Ľudmila | |